|
|
|
|
| LEADER |
00000nam0a2200000 4500 |
| 001 |
268131 |
| 005 |
20231101234136.0 |
| 010 |
|
|
|a 9785446805600
|
| 035 |
|
|
|a (RuTPU)RU\TPU\book\291263
|
| 035 |
|
|
|a RU\TPU\book\62255
|
| 035 |
|
|
|a RU\TPU\book\136607
|
| 090 |
|
|
|a 268131
|
| 100 |
|
|
|a 20071126d2014 m y0rusy50 ca
|
| 101 |
0 |
|
|a rus
|
| 102 |
|
|
|a RU
|
| 105 |
|
|
|a a j 001zy
|
| 200 |
1 |
|
|a Биогеография
|e учебник для вузов
|f Г. М. Абдурахманов, Е. Г. Мяло, Г. Н. Огуреева
|
| 210 |
|
|
|a Москва
|c Академия
|d 2014
|
| 215 |
|
|
|a 442 с.
|c ил.
|
| 225 |
1 |
|
|a Высшее образование. Естественные науки
|
| 225 |
1 |
|
|a Бакалавриат
|
| 320 |
|
|
|a Библиогр.: с. 438-439.
|
| 330 |
|
|
|a Учебник создан в соответствии с Федеральным государственным образовательным стандартом по направлениям подготовки «География», «Гидрометеорология», «Экология и природопользование» (квалификация «бакалавр»). В учебнике рассмотрены основные разделы современной биогеографии. Особое внимание уделено экологической биогеографии, показано соотношение экологических и исторических факторов в дифференциации биоты. Охарактеризованы биомы суши и океанов, рассмотрены проблемы сохранения биологического разнообразия. Для студентов учреждений высшего образования.
|
| 451 |
|
1 |
|0 (RuTPU)RU\TPU\book\62255
|y 5-7695-0976-7
|t Биогеография
|o учебник для вузов
|f Г. М. Абдурахманов, Д. М. Криволуцкий , Е. Г. Мяло, Г. Н. Огуреева
|c М.
|n Academia
|d 2003
|p 480 с.
|s Высшее образование
|
| 606 |
1 |
|
|a Биогеография
|2 stltpush
|3 (RuTPU)RU\TPU\subj\28652
|9 52167
|
| 610 |
1 |
|
|a биосфера
|
| 610 |
1 |
|
|a биоценоз
|
| 610 |
1 |
|
|a биогеоценоз
|
| 610 |
1 |
|
|a экосистемы
|
| 610 |
1 |
|
|a суша
|
| 610 |
1 |
|
|a структура
|
| 610 |
1 |
|
|a ареалогия
|
| 610 |
1 |
|
|a флористические регионы
|
| 610 |
1 |
|
|a фаунистические регионы
|
| 610 |
1 |
|
|a зональные биомы
|
| 610 |
1 |
|
|a островная биогеография
|
| 610 |
1 |
|
|a обитатели океана
|
| 610 |
1 |
|
|a континентальные водоемы
|
| 610 |
1 |
|
|a биологическое разнообразие
|
| 610 |
1 |
|
|a живой покров
|
| 610 |
1 |
|
|a учебники
|
| 610 |
1 |
|
|a география
|
| 610 |
1 |
|
|a экология
|
| 675 |
|
|
|a 574.9(075.8)
|v 3
|
| 700 |
|
1 |
|a Абдурахманов
|b Г. М.
|g Гайирбег Магомедович
|
| 701 |
|
1 |
|a Мяло
|b Е. Г.
|g Елена Григорьевна
|
| 701 |
|
1 |
|a Огуреева
|b Г. Н.
|g Галина Николаевна
|
| 801 |
|
1 |
|a RU
|b 63413507
|c 20140827
|
| 801 |
|
2 |
|a RU
|b 63413507
|c 20150702
|g RCR
|
| 900 |
|
|
|a География
|
| 900 |
|
|
|a Гидрометеорология
|
| 900 |
|
|
|a Биогеография
|
| 900 |
|
|
|a Природопользование
|
| 900 |
|
|
|a Общая экология
|
| 942 |
|
|
|c BK
|
| 959 |
|
|
|a 106/20140616
|d 2
|e 890,00
|f ЧЗТЛ:1
|f АНЛ:1
|